00300nam a2200109Ia 4500008000400000041002400004082001800028100004000046245004200086260005400128300000800182IMD a; Billdt:2009-08-28 a658.1511bSIN aSINGHVI (M.N) / BODHANWALA (Ruzbeh) aManagement Accounting Text and Cases aNew DelhibPrentice Hall of India New Delhic2008 a498